| 000 | 00681 a2200193 4500 | ||
|---|---|---|---|
| 020 | _a9780387906645 | ||
| 020 | _a9780387906645 | ||
| 082 | 0 | 4 | _a515.35 |
| 090 |
_c159 _d159 |
||
| 100 | 1 | _aChow, S.-N. | |
| 245 | 1 | 0 |
_aMethods of bifurcation theory / _cS.-N. Chow, J. K. Hale. |
| 260 |
_a[S.l.] : _bSpringer, _c1982. |
||
| 300 |
_a525 p. ; _c25 cm. |
||
| 490 | 1 | _aGrundlehren der mathematischen wissenschaften) (V. 251. | |
| 700 | 1 | _aHale, J. K. | |
| 830 | 0 | _aGrundlehren der mathematischen wissenschaften) (V. 251. | |
| 942 |
_aSNS _cBK _k515.35 CHO |
||
| 999 |
_c28797 _d28797 |
||